Library Banner

Modern equity (Record no. 62469)

MARC details
000 -LEADER
fixed length control field 00423nam a2200181Ia 4500
001 - CONTROL NUMBER
control field 62039
008 - FIXED-LENGTH DATA ELEMENTS--GENERAL INFORMATION
fixed length control field 141119s9999 xx 000 0 und d
020 ## - INTERNATIONAL STANDARD BOOK NUMBER
International Standard Book Number 9781847039538
040 ## - CATALOGING SOURCE
Transcribing agency PK-LaUMT
082 ## - DEWEY DECIMAL CLASSIFICATION NUMBER
Classification number 346.004
Item number JIL-M
100 ## - MAIN ENTRY--PERSONAL NAME
Personal name Jill E. Martin
245 ## - TITLE STATEMENT
Title Modern equity
Statement of responsibility, etc Jill E. Martin
250 ## - EDITION STATEMENT
Edition statement 19th
260 ## - PUBLICATION, DISTRIBUTION, ETC. (IMPRINT)
Place of publication, distribution, etc London,UK:
Name of publisher, distributor, etc Sweet & Maxwell,
Date of publication, distribution, etc 2012
300 ## - PHYSICAL DESCRIPTION
Extent 982 p.
546 ## - LANGUAGE NOTE
Language note EN
942 ## - ADDED ENTRY ELEMENTS (KOHA)
Koha item type Books
Holdings
Withdrawn status Lost status Damaged status Not for loan Home library Current library Date acquired Total Checkouts Total Renewals Full call number Barcode Date last seen Date checked out Price effective from Koha item type
        UMT Main Campus UMT Main Campus 2014-11-18 2 1 346.004 JIL-M 83379 2023-08-03 2023-01-10 2014-11-20 Books